Normal view
MARC view
- Qirat Ayaz
Entry Personal Name
001 - CONTROL NUMBER
- control field: 85456
003 - CONTROL NUMBER IDENTIFIER
- control field: NUST
005 - DATE AND TIME OF LATEST TRANSACTION
- control field: 20211202155108.0
008 - FIXED-LENGTH DATA ELEMENTS
- fixed length control field: 211202|| aca||aabn | a|a d
040 ## - CATALOGING SOURCE
- Original cataloging agency: NUST
- Transcribing agency: NUST
100 ## - HEADING--PERSONAL NAME
- Personal name: Qirat Ayaz
670 ## - SOURCE DATA FOUND
- Source citation: Work cat.: (NUST): Qirat Ayaz , PR-SOF-2013-Control Design For Nustag Self Driving Car Project, 2021.
